00559 2200181 4500001002100000005001500021035002000036007000300056008004100059020002200100082001100122084001700133100002300150245010600173260003100279300005100310600001600361INLIS00000000000173120231116075145 a0010-1123000004ta231116 b 0 ind  a978-623-266-688-7 a613.71 a613.71 JUW y0 aJuwalita Surapsari1 aYuk, Mengonsumsi Makanan Sehat Dan Bergizi :bPanduan Makan Sehat Untuk Remaja /cJuwalita Surapsari aJakarta :bErlangga,c2022 a58 Halaman :bilustrasi berwarna ;c21 x 14 cm 4aPengetahuan